[Event "DVM U12 2015"]
[Site "Magdeburg GER"]
[Date "2015.12.29"]
[Round "5"]
[White "Bartels, Sebastian"]
[Black "Dehn, Lukas"]
[Result "1-0"]
[Termination "normal"]
[Board "10.3"]
[WhiteElo "788"]
[BlackElo "1104"]
[WhiteTeam "Schachzwerge Magdeburg"]
[BlackTeam "TuS Ende 1892"]
[PlyCount "143"]
[WhiteFideId "16278542"]
[EventCountry "GER"]
[EventRounds "7"]
[EventType "team-swiss"]
[EventDate "2015.12.26"]

1. e4 e5 2. Nf3 Nc6 3. Nc3 a6 4. Bc4 Be7 5. d3 Nd4 6. Nxd4 exd4 7. Qh5 g6 8.
Qf3 f6 9. Nd5 d6 10. Bd2 Qd7 11. Ba5 b6 12. Bxb6 Bd8 13. Bxd4 Bb7 14. Nxf6+
Bxf6 15. Bxf6 Nxf6 16. Qxf6 Rf8 17. Qg5 Qg7 18. Bb5+ c6 19. Bc4 h6 20. Qg3
O-O-O 21. Be6+ Kb8 22. O-O-O Ka7 23. Qe3+ Ka8 24. d4 Rfe8 25. Bc4 d5 26. Bxa6
Bxa6 27. Rhe1 Rxe4 28. Qa3 Kb7 29. Rxe4 dxe4 30. Qb4+ Kc7 31. Qa5+ Kd7 32. Qxa6
Ke7 33. Qb7+ Rd7 34. Qxc6 Qf7 35. Qxe4+ Kf8 36. Qa8+ Kg7 37. d5 Qf4+ 38. Rd2
Rf7 39. d6 Rf8 40. Qb7+ Rf7 41. g3 Qxd2+ 42. Kxd2 Rxb7 43. c4 Rd7 44. c5 Kf6
45. b4 Ke5 46. Kc3 Kd5 47. Kb3 Kc6 48. Kc4 Rb7 49. a4 Rf7 50. b5+ Kd7 51. a5
Rxf2 52. a6 Rc2+ 53. Kd5 Rd2+ 54. Kc4 Rc2+ 55. Kb4 Rb2+ 56. Ka5 Kc8 57. Kb6 Rf2
58. a7 Ra2 59. c6 Kd8 60. c7+ Kd7 61. Kb7 Rb2 62. c8=Q+ Kxd6 63. Qc6+ Ke7 64.
a8=Q Kf7 65. Ka6 Ra2+ 66. Kb6 Rxa8 67. Qxa8 Kf6 68. Kc5 Kg5 69. b6 Kg4 70. b7
Kh3 71. b8=Q Kxh2 72. Qe4 1-0

[Event "DVM U12 2015"]
[Site "Magdeburg GER"]
[Date "2015.12.29"]
[Round "5"]
[White "Rapoport, Valerie"]
[Black "Felsch, Paula"]
[Result "1-0"]
[Termination "normal"]
[Board "10.4"]
[WhiteElo "1093"]
[BlackElo "835"]
[WhiteTeam "TuS Ende 1892"]
[BlackTeam "Schachzwerge Magdeburg"]
[PlyCount "49"]
[WhiteFideId "12952427"]
[EventCountry "GER"]
[EventRounds "7"]
[EventType "team-swiss"]
[EventDate "2015.12.26"]

1. e4 e5 2. Nf3 Nc6 3. Bc4 Nf6 4. Nc3 Bc5 5. d3 d6 6. h3 h6 7. O-O O-O 8. Bd2
Nd4 9. Be3 Nh5 10. Nxe5 dxe5 11. Qxh5 Qf6 12. Na4 Bd6 13. c3 Nc2 14. Rac1 Nxe3
15. fxe3 Qe7 16. Rf3 Be6 17. Rg3 Qf6 18. Rf1 Qe7 19. Qxh6 f6 20. Bxe6+ Rf7 21.
Bxf7+ Qxf7 22. Rxf6 Kf8 23. Rxf7+ Kxf7 24. Qxg7+ Ke6 25. Rg6# 1-0

[Event "DVM U12 2015"]
[Site "Magdeburg GER"]
[Date "2015.12.29"]
[Round "6"]
[White "Suvorov, Alexander"]
[Black "Krastev, Alexander"]
[Result "1-0"]
[Termination "normal"]
[Board "1.1"]
[WhiteElo "1946"]
[BlackElo "1925"]
[WhiteClock "00:51:52"]
[BlackClock "00:55:09"]
[WhiteTeam "SG Porz"]
[BlackTeam "Biebertaler SF"]
[PlyCount "55"]
[WhiteFideId "12977063"]
[BlackFideId "12989983"]
[EventCountry "GER"]
[EventRounds "7"]
[EventType "team-swiss"]
[EventDate "2015.12.26"]

1. d4 {[%clk 1:15:58]} Nf6 {[%clk 1:15:50]} 2. c4 {[%clk 1:16:23]} c5 {[%clk
1:16:17]} 3. d5 {[%clk 1:16:49]} g6 {[%clk 1:16:41]} 4. Nc3 {[%clk 1:17:09]}
Bg7 {[%clk 1:17:06]} 5. e4 {[%clk 1:17:26]} d6 {[%clk 1:17:31]} 6. Nf3 {[%clk
1:17:18]} O-O {[%clk 1:17:52]} 7. h3 {[%clk 1:17:16]} e6 {[%clk 1:18:14]} 8.
Bd3 {[%clk 1:15:46]} exd5 {[%clk 1:18:36]} 9. cxd5 {[%clk 1:15:26]} b5 {[%clk
1:18:37]} 10. Nxb5 {[%clk 1:14:07]} Re8 {[%clk 1:17:55]} 11. O-O {[%clk
1:13:47]} Nxe4 {[%clk 1:17:41]} 12. Re1 {[%clk 1:13:25]} a6 {[%clk 1:12:26]}
13. Nc3 {[%clk 1:13:31]} Nxc3 {[%clk 1:07:29]} 14. Rxe8+ {[%clk 1:13:46]} Qxe8
{[%clk 1:07:57]} 15. bxc3 {[%clk 1:14:10]} Bxc3 {[%clk 1:08:07]} 16. Rb1 {[%clk
1:14:33]} Nd7 {[%clk 1:06:55]} 17. Qa4 {[%clk 1:14:54]} Nf6 {[%clk 1:03:07]}
18. Qc4 {[%clk 1:13:50]} Be5 {[%clk 1:01:08]} 19. Nxe5 {[%clk 1:02:50]} Qxe5
{[%clk 1:01:16]} 20. Bb2 {[%clk 1:02:42]} Qe7 {[%clk 0:59:09]} 21. Qc3 {[%clk
1:02:07]} Kg7 {[%clk 0:59:38]} 22. Re1 {[%clk 1:02:04]} Qd8 {[%clk 1:00:07]}
23. g4 {[%clk 0:59:17]} h6 {[%clk 0:55:36]} 24. f4 {[%clk 0:56:48]} c4 {[%clk
0:55:23]} 25. Bxc4 {[%clk 0:52:21]} Rb8 {[%clk 0:55:25]} 26. Ba1 {[%clk
0:52:00]} g5 {[%clk 0:54:41]} 27. fxg5 {[%clk 0:51:58]} hxg5 {[%clk 0:55:09]}
28. Rf1 {[%clk 0:51:52]} 1-0

[Event "DVM U12 2015"]
[Site "Magdeburg GER"]
[Date "2015.12.29"]
[Round "6"]
[White "Grunwald, Jonathan"]
[Black "Suvorov, Luca"]
[Result "0-1"]
[Termination "normal"]
[Board "1.2"]
[WhiteElo "1643"]
[BlackElo "1904"]
[WhiteClock "00:02:04"]
[BlackClock "00:02:51"]
[WhiteTeam "Biebertaler SF"]
[BlackTeam "SG Porz"]
[PlyCount "66"]
[WhiteFideId "12955744"]
[BlackFideId "12977071"]
[EventCountry "GER"]
[EventRounds "7"]
[EventType "team-swiss"]
[EventDate "2015.12.26"]

1. e4 {[%clk 1:15:58]} c6 {[%clk 1:16:00]} 2. d4 {[%clk 1:16:21]} d5 {[%clk
1:16:25]} 3. Nc3 {[%clk 1:16:43]} dxe4 {[%clk 1:16:51]} 4. Nxe4 {[%clk
1:17:08]} Bf5 {[%clk 1:17:16]} 5. Ng3 {[%clk 1:17:32]} Bg6 {[%clk 1:17:40]} 6.
Nf3 {[%clk 1:17:53]} Nd7 {[%clk 1:18:05]} 7. Bd3 {[%clk 1:17:58]} e6 {[%clk
1:18:24]} 8. O-O {[%clk 1:17:43]} Ngf6 {[%clk 1:18:46]} 9. c4 {[%clk 1:17:01]}
Be7 {[%clk 1:17:15]} 10. Bf4 {[%clk 1:15:42]} O-O {[%clk 1:17:23]} 11. Bxg6
{[%clk 1:11:35]} hxg6 {[%clk 1:17:45]} 12. c5 {[%clk 1:10:02]} Nd5 {[%clk
1:17:19]} 13. Be3 {[%clk 1:08:38]} b6 {[%clk 1:13:04]} 14. cxb6 {[%clk
1:05:27]} Qxb6 {[%clk 1:03:41]} 15. b3 {[%clk 1:02:10]} Rfd8 {[%clk 0:57:05]}
16. Rc1 {[%clk 0:47:07]} Rac8 {[%clk 0:46:51]} 17. Nd2 {[%clk 0:35:43]} Qa6
{[%clk 0:36:00]} 18. Nc4 {[%clk 0:33:37]} N5b6 {[%clk 0:34:53]} 19. Qe2 {[%clk
0:32:06]} Nxc4 {[%clk 0:31:28]} 20. bxc4 {[%clk 0:32:26]} Nf6 {[%clk 0:31:34]}
21. Rfd1 {[%clk 0:30:35]} Rd7 {[%clk 0:30:46]} 22. Qc2 {[%clk 0:20:50]} Rcd8
{[%clk 0:15:21]} 23. Rb1 {[%clk 0:17:00]} Ng4 {[%clk 0:08:32]} 24. h3 {[%clk
0:14:34]} Nxe3 {[%clk 0:06:44]} 25. fxe3 {[%clk 0:14:57]} Bg5 {[%clk 0:04:17]}
26. Kf2 {[%clk 0:14:37]} Bh4 {[%clk 0:03:50]} 27. Kf3 {[%clk 0:03:24]} Bxg3
{[%clk 0:02:55]} 28. Kxg3 {[%clk 0:03:49]} Qa5 {[%clk 0:03:19]} 29. Kh2 {[%clk
0:03:28]} Qg5 {[%clk 0:03:30]} 30. Re1 {[%clk 0:02:35]} e5 {[%clk 0:03:34]} 31.
dxe5 {[%clk 0:02:49]} Qxe5+ {[%clk 0:02:43]} 32. Kg1 {[%clk 0:03:11]} Rd2
{[%clk 0:03:07]} 33. Qa4 {[%clk 0:02:04]} Qe4 {[%clk 0:02:51]} 0-1

[Event "DVM U12 2015"]
[Site "Magdeburg GER"]
[Date "2015.12.29"]
[Round "6"]
[White "Zyla, Lennert"]
[Black "Engert, Kiyan"]
[Result "1-0"]
[Termination "normal"]
[Board "1.3"]
[WhiteElo "1840"]
[BlackElo "1472"]
[WhiteClock "00:33:47"]
[BlackClock "00:05:39"]
[WhiteTeam "SG Porz"]
[BlackTeam "Biebertaler SF"]
[PlyCount "76"]
[WhiteFideId "12981567"]
[BlackFideId "16214870"]
[EventCountry "GER"]
[EventRounds "7"]
[EventType "team-swiss"]
[EventDate "2015.12.26"]

1. e4 {[%clk 1:15:58]} e5 {[%clk 1:15:43]} 2. Nf3 {[%clk 1:16:23]} Nc6 {[%clk
1:15:42]} 3. Bb5 {[%clk 1:16:50]} d6 {[%clk 1:14:54]} 4. d4 {[%clk 1:17:11]} f6
{[%clk 1:12:15]} 5. O-O {[%clk 1:16:46]} Bd7 {[%clk 1:10:42]} 6. d5 {[%clk
1:15:08]} Na5 {[%clk 1:09:25]} 7. Bxd7+ {[%clk 1:14:41]} Qxd7 {[%clk 1:09:39]}
8. Nbd2 {[%clk 1:15:00]} O-O-O {[%clk 1:09:35]} 9. b4 {[%clk 1:15:21]} f5
{[%clk 1:03:44]} 10. bxa5 {[%clk 1:15:29]} Nf6 {[%clk 1:03:56]} 11. Re1 {[%clk
1:15:17]} Qb5 {[%clk 1:03:44]} 12. c4 {[%clk 1:14:46]} Qxa5 {[%clk 1:02:09]}
13. Ng5 {[%clk 1:14:15]} Re8 {[%clk 0:59:03]} 14. exf5 {[%clk 1:13:46]} Be7
{[%clk 0:54:30]} 15. Ne6 {[%clk 1:13:12]} Rhg8 {[%clk 0:54:25]} 16. Nb3 {[%clk
1:11:17]} Qa6 {[%clk 0:53:00]} 17. Be3 {[%clk 1:10:49]} g6 {[%clk 0:51:59]} 18.
fxg6 {[%clk 1:09:26]} Rxg6 {[%clk 0:51:57]} 19. Rc1 {[%clk 1:08:09]} b6 {[%clk
0:50:51]} 20. a4 {[%clk 1:07:36]} Reg8 {[%clk 0:49:10]} 21. g3 {[%clk 1:07:05]}
h5 {[%clk 0:48:01]} 22. a5 {[%clk 1:05:52]} h4 {[%clk 0:47:24]} 23. Ra1 {[%clk
1:04:09]} hxg3 {[%clk 0:46:31]} 24. hxg3 {[%clk 1:04:32]} Qxc4 {[%clk 0:46:25]}
25. Bg5 {[%clk 1:02:38]} Rxg5 {[%clk 0:40:32]} 26. Nxg5 {[%clk 1:02:55]} Rxg5
{[%clk 0:40:55]} 27. Qc1 {[%clk 0:58:26]} Qh4 {[%clk 0:34:18]} 28. Re3 {[%clk
0:51:46]} Nxd5 {[%clk 0:21:58]} 29. axb6 {[%clk 0:47:25]} Nxb6 {[%clk 0:20:04]}
30. Rxa7 {[%clk 0:46:05]} Bd8 {[%clk 0:16:25]} 31. Qc6 {[%clk 0:43:02]} Qb4
{[%clk 0:13:02]} 32. Rc3 {[%clk 0:36:26]} Rg7 {[%clk 0:06:57]} 33. Qb7+ {[%clk
0:33:52]} Kd7 {[%clk 0:07:16]} 34. Rxc7+ {[%clk 0:32:32]} Bxc7 {[%clk 0:07:36]}
35. Qxc7+ {[%clk 0:32:58]} Ke6 {[%clk 0:07:38]} 36. Qxg7 {[%clk 0:33:10]} Qe1+
{[%clk 0:07:26]} 37. Kg2 {[%clk 0:33:28]} Qe4+ {[%clk 0:07:47]} 38. Kh2 {[%clk
0:33:47]} d5 {[%clk 0:05:39]} 1-0

[Event "DVM U12 2015"]
[Site "Magdeburg GER"]
[Date "2015.12.29"]
[Round "6"]
[White "Peschel, Julia"]
[Black "Pislaru, Marius"]
[Result "1-0"]
[Termination "normal"]
[Board "1.4"]
[WhiteElo "1044"]
[BlackElo "1698"]
[WhiteClock "00:21:44"]
[BlackClock "00:46:24"]
[WhiteTeam "Biebertaler SF"]
[BlackTeam "SG Porz"]
[PlyCount "51"]
[WhiteFideId "16255593"]
[BlackFideId "12940259"]
[EventCountry "GER"]
[EventRounds "7"]
[EventType "team-swiss"]
[EventDate "2015.12.26"]

1. e4 e6 {[%clk 1:15:51]} 2. d4 {[%clk 1:16:17]} d5 {[%clk 1:16:13]} 3. exd5
{[%clk 1:16:32]} exd5 {[%clk 1:16:36]} 4. Bd3 {[%clk 1:16:30]} Bd6 {[%clk
1:16:00]} 5. Qf3 {[%clk 1:15:49]} Nf6 {[%clk 1:14:28]} 6. h3 {[%clk 1:15:34]}
O-O {[%clk 1:14:09]} 7. Ne2 {[%clk 1:14:09]} c5 {[%clk 1:11:49]} 8. c3 {[%clk
1:10:54]} Nc6 {[%clk 1:11:28]} 9. O-O {[%clk 1:10:10]} Bd7 {[%clk 1:07:45]} 10.
Bf4 {[%clk 1:09:04]} Bxf4 {[%clk 1:04:57]} 11. Qxf4 {[%clk 1:05:28]} Re8 {[%clk
1:02:39]} 12. Re1 {[%clk 1:05:05]} Qb6 {[%clk 1:02:17]} 13. b3 {[%clk 0:56:55]}
cxd4 {[%clk 1:02:12]} 14. cxd4 {[%clk 0:53:35]} Nxd4 {[%clk 1:02:02]} 15. Nd2
{[%clk 0:53:11]} Nxe2+ {[%clk 1:01:32]} 16. Rxe2 {[%clk 0:52:17]} Rxe2 {[%clk
1:00:01]} 17. Bxe2 {[%clk 0:51:52]} Re8 {[%clk 0:59:21]} 18. Bf3 {[%clk
0:45:29]} Bc6 {[%clk 0:55:26]} 19. b4 {[%clk 0:38:39]} Ne4 {[%clk 0:54:40]} 20.
Bxe4 {[%clk 0:37:01]} dxe4 {[%clk 0:54:28]} 21. Qd6 {[%clk 0:33:56]} Rd8 {[%clk
0:51:54]} 22. Qf4 {[%clk 0:30:44]} Qxb4 {[%clk 0:51:58]} 23. Nf1 {[%clk
0:25:48]} Qd6 {[%clk 0:50:40]} 24. Qg4 {[%clk 0:24:31]} Qg6 {[%clk 0:48:02]}
25. Rd1 {[%clk 0:22:03]} Rxd1 {[%clk 0:46:24]} 26. Qc8+ {[%clk 0:21:44]} 1-0

[Event "DVM U12 2015"]
[Site "Magdeburg GER"]
[Date "2015.12.29"]
[Round "6"]
[White "Huber, Benedikt"]
[Black "Henning, Marvin"]
[Result "1/2-1/2"]
[Termination "normal"]
[Board "2.1"]
[WhiteElo "1960"]
[BlackElo "1774"]
[WhiteClock "00:31:34"]
[BlackClock "00:37:15"]
[WhiteTeam "SK München Südost"]
[BlackTeam "Reideburger SV 90 Halle"]
[PlyCount "54"]
[WhiteFideId "12923583"]
[BlackFideId "12957399"]
[EventCountry "GER"]
[EventRounds "7"]
[EventType "team-swiss"]
[EventDate "2015.12.26"]

1. d4 {[%clk 1:15:57]} d5 {[%clk 1:15:47]} 2. Nf3 {[%clk 1:16:16]} Nf6 {[%clk
1:15:55]} 3. Bf4 {[%clk 1:16:30]} e6 {[%clk 1:15:58]} 4. e3 {[%clk 1:16:20]}
Nbd7 {[%clk 1:16:03]} 5. c4 {[%clk 1:14:23]} b6 {[%clk 1:15:22]} 6. Nc3 {[%clk
1:13:59]} Bb4 {[%clk 1:15:17]} 7. a3 {[%clk 1:13:01]} Bxc3+ {[%clk 1:15:35]} 8.
bxc3 {[%clk 1:13:25]} Bb7 {[%clk 1:15:17]} 9. Bd3 {[%clk 1:06:56]} h6 {[%clk
1:14:50]} 10. h3 {[%clk 1:06:32]} O-O {[%clk 1:13:00]} 11. O-O {[%clk 1:05:39]}
Re8 {[%clk 1:12:33]} 12. Bh2 {[%clk 1:00:56]} Rc8 {[%clk 1:11:14]} 13. cxd5
{[%clk 0:59:09]} exd5 {[%clk 1:10:43]} 14. Ne5 {[%clk 0:55:33]} a6 {[%clk
1:07:01]} 15. Qe2 {[%clk 0:52:59]} b5 {[%clk 1:07:10]} 16. Rfb1 {[%clk
0:52:26]} c5 {[%clk 1:05:04]} 17. a4 {[%clk 0:51:22]} c4 {[%clk 0:58:52]} 18.
Bc2 {[%clk 0:51:17]} Nxe5 {[%clk 0:58:32]} 19. Bxe5 {[%clk 0:49:46]} Nd7 {[%clk
0:58:48]} 20. Bg3 {[%clk 0:49:36]} Bc6 {[%clk 0:59:00]} 21. axb5 {[%clk
0:48:04]} axb5 {[%clk 0:59:07]} 22. Ra6 {[%clk 0:47:30]} Nb6 {[%clk 0:57:43]}
23. Rba1 {[%clk 0:40:15]} Na4 {[%clk 0:56:52]} 24. Bxa4 {[%clk 0:38:23]} bxa4
{[%clk 0:57:09]} 25. Qb2 {[%clk 0:37:53]} Qd7 {[%clk 0:55:41]} 26. Rb6 {[%clk
0:35:18]} Qe7 {[%clk 0:41:50]} 27. Qb1 {[%clk 0:31:34]} Red8 {[%clk 0:37:15]}
1/2-1/2

[Event "DVM U12 2015"]
[Site "Magdeburg GER"]
[Date "2015.12.29"]
[Round "6"]
[White "Post, Hugo"]
[Black "Lohvinov, Petro"]
[Result "1/2-1/2"]
[Termination "normal"]
[Board "2.2"]
[WhiteElo "1737"]
[BlackElo "1693"]
[WhiteClock "00:43:05"]
[BlackClock "00:32:39"]
[WhiteTeam "Reideburger SV 90 Halle"]
[BlackTeam "SK München Südost"]
[PlyCount "75"]
[WhiteFideId "12962490"]
[BlackFideId "14176661"]
[EventCountry "GER"]
[EventRounds "7"]
[EventType "team-swiss"]
[EventDate "2015.12.26"]

1. e4 {[%clk 1:15:15]} e5 {[%clk 1:15:55]} 2. Nf3 {[%clk 1:15:15]} Nc6 {[%clk
1:16:19]} 3. Bc4 {[%clk 1:15:09]} Nf6 {[%clk 1:16:43]} 4. d4 {[%clk 1:13:26]}
exd4 {[%clk 1:16:47]} 5. Ng5 {[%clk 1:12:44]} d5 {[%clk 1:14:40]} 6. exd5
{[%clk 1:12:31]} Na5 {[%clk 1:14:11]} 7. Qxd4 {[%clk 1:10:31]} Nxc4 {[%clk
1:14:17]} 8. Qxc4 {[%clk 1:10:54]} Qxd5 {[%clk 1:13:59]} 9. Qe2+ {[%clk
1:08:31]} Be6 {[%clk 0:58:44]} 10. O-O {[%clk 1:07:37]} O-O-O {[%clk 0:56:03]}
11. Nc3 {[%clk 1:03:33]} Qc6 {[%clk 0:54:16]} 12. Nxe6 {[%clk 1:03:33]} Qxe6
{[%clk 0:53:28]} 13. Be3 {[%clk 1:02:08]} a6 {[%clk 0:50:04]} 14. Qf3 {[%clk
1:00:43]} Qg4 {[%clk 0:47:07]} 15. Qxg4+ {[%clk 0:57:43]} Nxg4 {[%clk 0:47:30]}
16. Bg5 {[%clk 0:56:55]} f6 {[%clk 0:45:21]} 17. Bf4 {[%clk 0:56:33]} Bd6
{[%clk 0:45:15]} 18. Bxd6 {[%clk 0:55:42]} Rxd6 {[%clk 0:43:01]} 19. Rad1
{[%clk 0:53:13]} Rhd8 {[%clk 0:41:06]} 20. Rxd6 {[%clk 0:52:10]} Rxd6 {[%clk
0:41:15]} 21. Rd1 {[%clk 0:52:38]} Rxd1+ {[%clk 0:40:11]} 22. Nxd1 {[%clk
0:53:07]} Ne5 {[%clk 0:40:33]} 23. Ne3 {[%clk 0:53:28]} Kd7 {[%clk 0:40:24]}
24. Kf1 {[%clk 0:53:41]} Ke6 {[%clk 0:39:57]} 25. Ke2 {[%clk 0:53:25]} g6
{[%clk 0:39:28]} 26. f4 {[%clk 0:52:46]} Nc6 {[%clk 0:39:22]} 27. c3 {[%clk
0:52:36]} Ne7 {[%clk 0:37:30]} 28. g4 {[%clk 0:49:53]} f5 {[%clk 0:34:49]} 29.
g5 {[%clk 0:47:05]} Nd5 {[%clk 0:33:47]} 30. Nxd5 {[%clk 0:45:10]} Kxd5 {[%clk
0:34:12]} 31. Kd3 {[%clk 0:45:35]} c5 {[%clk 0:32:13]} 32. c4+ {[%clk 0:45:27]}
Kd6 {[%clk 0:32:38]} 33. b3 {[%clk 0:45:46]} a5 {[%clk 0:31:44]} 34. a4 {[%clk
0:43:19]} b6 {[%clk 0:32:05]} 35. h4 {[%clk 0:43:43]} Ke6 {[%clk 0:32:06]} 36.
Ke3 {[%clk 0:43:10]} Kf7 {[%clk 0:32:17]} 37. Kf3 {[%clk 0:43:15]} Kg7 {[%clk
0:32:39]} 38. Kg3 {[%clk 0:43:05]} 1/2-1/2

[Event "DVM U12 2015"]
[Site "Magdeburg GER"]
[Date "2015.12.29"]
[Round "6"]
[White "Grunert, Friedrich"]
[Black "Dietz, Florian"]
[Result "0-1"]
[Termination "normal"]
[Board "2.3"]
[WhiteElo "1694"]
[BlackElo "1829"]
[WhiteClock "00:52:18"]
[BlackClock "01:04:44"]
[WhiteTeam "SK München Südost"]
[BlackTeam "Reideburger SV 90 Halle"]
[PlyCount "54"]
[WhiteFideId "12995592"]
[BlackFideId "12939897"]
[EventCountry "GER"]
[EventRounds "7"]
[EventType "team-swiss"]
[EventDate "2015.12.26"]

1. e4 {[%clk 1:15:58]} c5 {[%clk 1:15:56]} 2. Nf3 {[%clk 1:16:23]} d6 {[%clk
1:16:22]} 3. d4 {[%clk 1:16:50]} cxd4 {[%clk 1:16:48]} 4. Nxd4 {[%clk 1:17:17]}
Nf6 {[%clk 1:17:14]} 5. Nc3 {[%clk 1:17:38]} g6 {[%clk 1:17:40]} 6. Be3 {[%clk
1:18:02]} Bg7 {[%clk 1:17:56]} 7. f3 {[%clk 1:18:28]} O-O {[%clk 1:18:14]} 8.
Qd2 {[%clk 1:18:48]} Nc6 {[%clk 1:18:36]} 9. O-O-O {[%clk 1:19:03]} Nxd4 {[%clk
1:18:39]} 10. Bxd4 {[%clk 1:19:16]} Be6 {[%clk 1:18:31]} 11. Kb1 {[%clk
1:19:17]} Qc7 {[%clk 1:18:41]} 12. h4 {[%clk 1:19:06]} Rfc8 {[%clk 1:18:01]}
13. g4 {[%clk 1:18:30]} Qa5 {[%clk 1:16:51]} 14. a3 {[%clk 1:17:19]} Rab8
{[%clk 1:16:34]} 15. h5 {[%clk 1:16:58]} b5 {[%clk 1:16:33]} 16. hxg6 {[%clk
1:16:28]} hxg6 {[%clk 1:16:05]} 17. Be3 {[%clk 1:14:08]} b4 {[%clk 1:15:12]}
18. Ne2 {[%clk 1:09:49]} Nxe4 19. fxe4 {[%clk 1:02:38]} bxa3 {[%clk 1:03:45]}
20. Bd4 {[%clk 0:58:13]} Bxd4 {[%clk 1:03:49]} 21. Qxd4 {[%clk 0:58:39]} Rxb2+
{[%clk 1:04:03]} 22. Qxb2 {[%clk 0:54:59]} axb2 {[%clk 1:04:25]} 23. c3 {[%clk
0:52:57]} Qa1+ {[%clk 1:04:15]} 24. Kc2 {[%clk 0:53:10]} Bb3+ {[%clk 1:04:25]}
25. Kxb3 {[%clk 0:51:45]} Qxd1+ {[%clk 1:04:45]} 26. Kxb2 {[%clk 0:51:56]} Rb8+
{[%clk 1:05:11]} 27. Ka3 {[%clk 0:52:18]} Qa1# {[%clk 1:04:44]} 0-1

[Event "DVM U12 2015"]
[Site "Magdeburg GER"]
[Date "2015.12.29"]
[Round "6"]
[White "Seidel, Arne Christian"]
[Black "Grunert, Wilhelm"]
[Result "1-0"]
[Termination "normal"]
[Board "2.4"]
[WhiteElo "1488"]
[BlackElo "1374"]
[WhiteClock "00:55:43"]
[BlackClock "00:57:51"]
[WhiteTeam "Reideburger SV 90 Halle"]
[BlackTeam "SK München Südost"]
[PlyCount "55"]
[WhiteFideId "16235142"]
[BlackFideId "12995673"]
[EventCountry "GER"]
[EventRounds "7"]
[EventType "team-swiss"]
[EventDate "2015.12.26"]

1. e4 {[%clk 1:15:49]} d5 {[%clk 1:15:52]} 2. Nc3 {[%clk 1:12:56]} dxe4 {[%clk
1:13:33]} 3. Nxe4 {[%clk 1:13:17]} Qd5 {[%clk 1:13:48]} 4. Nc3 {[%clk 1:12:55]}
Qa5 {[%clk 1:14:09]} 5. d4 {[%clk 1:13:03]} Nf6 {[%clk 1:14:27]} 6. Bd2 {[%clk
1:12:51]} c6 {[%clk 1:14:36]} 7. Nf3 {[%clk 1:12:57]} Bg4 {[%clk 1:14:55]} 8.
h3 {[%clk 1:11:51]} Bh5 {[%clk 1:15:16]} 9. Bc4 {[%clk 1:09:40]} Qc7 {[%clk
1:15:16]} 10. g4 {[%clk 1:08:11]} Bg6 {[%clk 1:15:33]} 11. Ne5 {[%clk 1:07:58]}
Nbd7 {[%clk 1:15:28]} 12. f4 {[%clk 1:04:46]} Be4 {[%clk 1:14:20]} 13. Bxf7+
{[%clk 1:03:39]} Kd8 {[%clk 1:14:09]} 14. Nxe4 {[%clk 1:03:36]} Nxe4 {[%clk
1:14:17]} 15. Be3 {[%clk 1:03:15]} Nb6 {[%clk 1:10:27]} 16. Qf3 {[%clk
1:01:40]} Nf6 {[%clk 1:10:06]} 17. c4 {[%clk 1:00:07]} Nfd7 {[%clk 1:06:56]}
18. O-O {[%clk 0:59:24]} Nxe5 {[%clk 1:07:02]} 19. dxe5 {[%clk 0:59:42]} Kc8
{[%clk 1:06:21]} 20. Be6+ {[%clk 0:58:13]} Kb8 {[%clk 1:06:32]} 21. c5 {[%clk
0:57:41]} Na4 {[%clk 1:06:31]} 22. Qe4 {[%clk 0:57:29]} Nxb2 {[%clk 1:05:20]}
23. Rab1 {[%clk 0:57:47]} h5 {[%clk 1:02:29]} 24. g5 {[%clk 0:57:50]} Qa5
{[%clk 1:00:07]} 25. Rxb2 {[%clk 0:56:30]} Kc7 {[%clk 0:59:49]} 26. Rd1 {[%clk
0:55:29]} g6 {[%clk 0:58:26]} 27. Rd7+ {[%clk 0:55:43]} Kb8 {[%clk 0:57:51]}
28. Rdxb7# 1-0

[Event "DVM U12 2015"]
[Site "Magdeburg GER"]
[Date "2015.12.29"]
[Round "6"]
[White "Grabbel, Lennart Christian"]
[Black "Wu, Leon"]
[Result "0-1"]
[Termination "normal"]
[Board "3.1"]
[WhiteElo "1687"]
[BlackElo "1753"]
[WhiteTeam "Hamburger SK von 1830"]
[BlackTeam "SK Mannheim-Lindenhof 1865"]
[PlyCount "64"]
[WhiteFideId "16201620"]
[BlackFideId "12977438"]
[EventCountry "GER"]
[EventRounds "7"]
[EventType "team-swiss"]
[EventDate "2015.12.26"]

1. c4 Nf6 2. Nf3 e6 3. d4 b6 4. g3 Bb7 5. Bg2 Be7 6. Nc3 O-O 7. O-O d5 8. cxd5
exd5 9. Bf4 Nbd7 10. Qc2 c6 11. Rac1 Re8 12. Rfe1 Bb4 13. a3 Bxc3 14. Qxc3 Ne4
15. Qc2 Rc8 16. Qa4 a5 17. Qb3 c5 18. Be3 cxd4 19. Nxd4 Ndc5 20. Qa2 a4 21.
Red1 Qe7 22. b4 axb3 23. Nxb3 Na4 24. Rxc8 Rxc8 25. Qa1 Nac3 26. Re1 Ba6 27.
Nd4 Qf6 28. Qb2 h6 29. Kf1 Na4 30. Qb3 Qxd4 31. f3 Nac3 32. Bg1 Nd2# 0-1

[Event "DVM U12 2015"]
[Site "Magdeburg GER"]
[Date "2015.12.29"]
[Round "6"]
[White "Wu, Luka"]
[Black "Müller, Marvin"]
[Result "1-0"]
[Termination "normal"]
[Board "3.2"]
[WhiteElo "1710"]
[BlackElo "1536"]
[WhiteTeam "SK Mannheim-Lindenhof 1865"]
[BlackTeam "Hamburger SK von 1830"]
[PlyCount "75"]
[WhiteFideId "12977420"]
[BlackFideId "16214528"]
[EventCountry "GER"]
[EventRounds "7"]
[EventType "team-swiss"]
[EventDate "2015.12.26"]

1. e4 e5 2. Nf3 Nf6 3. Nxe5 d6 4. Nf3 Nxe4 5. d4 d5 6. Bd3 Nf6 7. Nc3 Nc6 8. h3
Bd6 9. O-O O-O 10. Bg5 Be6 11. Nh2 h6 12. Be3 Qd7 13. f4 Ne7 14. Nf3 Nf5 15.
Bxf5 Bxf5 16. Ne5 Qe6 17. Bd2 c6 18. Re1 Qc8 19. Ne2 Re8 20. Ng3 Be6 21. Qf3 c5
22. c3 Qc7 23. Be3 c4 24. Nh5 Bxe5 25. fxe5 Ne4 26. Ng3 Ng5 27. Bxg5 hxg5 28.
Nf5 Bxf5 29. Qxf5 Qe7 30. Rf1 Rf8 31. Rf2 Rac8 32. Raf1 b5 33. Qf3 Rcd8 34. Qh5
Rc8 35. h4 gxh4 36. Rf4 Rc6 37. Rg4 Rh6 38. Qxh6 1-0